Founders of the Middle Ages /

محفوظ في:

المؤلف الرئيسي: Rand, Edward Kennard, 1871-1945 (مؤلف)

التنسيق: كتاب

اللغة: English

منشور في: New York : Dover Publications, 1957, c1928.

الموضوعات:

الوسوم: إضافة وسم

لا توجد وسوم, كن أول من يضع وسما على هذه التسجيلة!

رقم الطلب: CB351 .R3 1957

LEADER 00735nam a2200241Ia 4500
001 6543
003 OSt
005 20251117084717.0
008 130303t19571928nyu b 001 0 eng d
010 |a 57059148 
040 |c ARCE Library 
050 4 |a CB351 .R3 1957 
100 1 |a Rand, Edward Kennard,  |d 1871-1945,  |e author  |9 38169 
245 1 0 |a Founders of the Middle Ages /  |c by Edward Kennard Rand. 
264 1 |a New York :  |b Dover Publications,  |c 1957, c1928. 
300 |a ix, 365 pages ;  |c 21 cm. 
504 |a Includes bibliographical references and index. 
650 0 |a Civilization, Medieval. 
650 0 |a Middle Ages.  
650 0 |a Literature, Medieval   |x History and criticism. 
901 |a reviewed 
942 |c BK  |2 lcc 
999 |c 7940  |d 7940